[Event "Lansing op"]
[Site "Lansing"]
[Date "2001.09.01"]
[Round "1"]
[White "Holmes, Zach"]
[Black "Dodaj, Gjergi"]
[Result "0-1"]
[WhiteElo "1528"]
[BlackElo "1926"]
[PlyCount "48"]
[EventDate "2001.08.31"]
[EventType "swiss"]
[EventRounds "7"]
[EventCountry "USA"]
[SourceTitle "EXT 2007"]
[Source "ChessBase"]
[SourceDate "2006.11.23"]
[SourceVersion "1"]
[SourceVersionDate "2006.11.23"]
[SourceQuality "1"]

1. d4 d5 2. Nf3 Nf6 3. c4 c6 4. Nc3 Nbd7 5. a4 e6 6. Bg5 Qa5 7. e3 Ne4 8. Qc2 Bb4 9. Rc1 Nb6 10. Bd3 Nxg5 11. c5 Nxf3+ 12. gxf3 Nxa4 13. Ra1 Bxc3+ 14. bxc3 Qxc3+ 15. Ke2 Qxc2+ 16. Bxc2 Nc3+ 17. Kd3 Nb5 18. Rhg1 g6 19. e4 dxe4+ 20. fxe4 Ke7 21. Rad1 Rd8 22. Kc4 Nc7 23. Rd3 b5+ 24. cxb6 Ba6+ 0-1

[Event "Lansing op"]
[Site "Lansing"]
[Date "2001.09.01"]
[Round "3"]
[White "Holmes, Zach"]
[Black "Garrison, Ray"]
[Result "0-1"]
[WhiteElo "1528"]
[BlackElo "1887"]
[PlyCount "66"]
[EventDate "2001.08.31"]
[EventType "swiss"]
[EventRounds "7"]
[EventCountry "USA"]
[SourceTitle "EXT 2007"]
[Source "ChessBase"]
[SourceDate "2006.11.23"]
[SourceVersion "1"]
[SourceVersionDate "2006.11.23"]
[SourceQuality "1"]

1. d4 f5 2. Nf3 g6 3. c4 Bg7 4. Nc3 d6 5. Bf4 Nc6 6. d5 Ne5 7. e3 Nf6 8. Nxe5 dxe5 9. Bxe5 0-0 10. Be2 a6 11. 0-0 Bh6 12. f4 Nd7 13. Qd3 c6 14. Rad1 Nxe5 15. fxe5 Qb6 16. Rf3 Qxb2 17. Rd2 Qb6 18. Rd1 f4 19. Qd4 c5 20. Na4 Qa5 21. Nxc5 Bg4 22. Rf2 Bxe2 23. Rxe2 fxe3 24. Nxb7 Qb4 25. Nc5 Rf4 26. Ne4 Rc8 27. Rc1 Rf2 28. Ng3 Rxe2 29. Nxe2 Qd2 30. Qg4 Rf8 31. Rb1 Qxa2 32. Qe6+ Kh8 33. Re1 Qd2 0-1